[Event "Top Loire 2012-2013"]
[Site "Loire"]
[Date "2012.12.15"]
[Round "4.6"]
[White "Deville, Olivier"]
[Black "Vier, Serge"]
[Result "1-0"]
[WhiteElo "1962"]
[BlackElo "1700"]
[PlyCount "45"]
[EventDate "2013.??.??"]
[EventCountry "FRA"]
[SourceDate "2005.09.12"]

1. Nf3 Nf6 2. c4 e6 3. b3 d5 4. g3 Be7 5. Bg2 O-O 6. O-O c5 7. Bb2 Nc6 8. cxd5
exd5 9. d4 Qb6 10. dxc5 Bxc5 11. Bxf6 gxf6 12. Nc3 Be6 13. Nxd5 Bxd5 14. Qxd5
Rad8 15. Qf5 Ne7 16. Qg4+ Kh8 17. e3 Rg8 18. Qh5 Ng6 19. Rac1 Bd6 20. Nd4 Bf8
21. Qf3 Qa5 22. Qxb7 Be7 23. Nc6 1-0

[Event "Top Loire 2012-2013"]
[Site "Loire"]
[Date "2012.12.15"]
[Round "4.7"]
[White "Furnon, Yannick"]
[Black "Carteron, Olivier"]
[Result "1-0"]
[WhiteElo "1830"]
[BlackElo "1780"]
[PlyCount "99"]
[EventDate "2013.??.??"]
[EventCountry "FRA"]
[SourceDate "2005.09.12"]

1. d4 d5 2. c4 c6 3. Nf3 Nf6 4. Nc3 e6 5. e3 Nbd7 6. Qc2 Be7 7. Bd3 O-O 8. O-O
h6 9. Bd2 dxc4 10. Bxc4 b5 11. Bd3 Bb7 12. Ne4 a6 13. b4 Nxe4 14. Bxe4 Rc8 15.
Rfd1 Nf6 16. Bd3 Re8 17. Be2 Bd6 18. a3 Qc7 19. h3 e5 20. dxe5 Bxe5 21. Nxe5
Qxe5 22. Bc3 Qe7 23. Bd4 Ra8 24. Bf3 Qe6 25. Bc5 Rad8 26. Rd3 Rxd3 27. Qxd3 Nd7
28. Bd4 Ne5 29. Bxe5 Qxe5 30. Rd1 Qc7 31. Qd7 Re7 32. Qd4 Kh7 33. Be4+ g6 34.
Bf3 Bc8 35. Qc5 Rd7 36. Rxd7 Qxd7 37. Qxc6 Qxc6 38. Bxc6 f6 39. h4 Kg7 40. f4
g5 41. hxg5 hxg5 42. g3 Kf7 43. Kf2 g4 44. e4 Ke6 45. Ke3 Kd6 46. Ba8 Ke6 47.
Kd4 Kd6 48. f5 Kc7 49. Bd5 Bd7 50. Bf7 1-0

[Event "Top Loire 2012-2013"]
[Site "Loire"]
[Date "2012.12.15"]
[Round "4.8"]
[White "Aumont-Mathieu, Georges"]
[Black "Doran, Niall"]
[Result "1-0"]
[WhiteElo "1800"]
[BlackElo "1692"]
[PlyCount "81"]
[EventDate "2013.??.??"]
[EventCountry "FRA"]
[SourceDate "2005.09.12"]

1. e4 e6 2. d4 d5 3. Nd2 c5 4. Ngf3 Nc6 5. Bb5 Bd7 6. exd5 exd5 7. O-O Bd6 8.
dxc5 Bxc5 9. Nb3 Qb6 10. Qxd5 Qxb5 11. Nxc5 Rd8 12. Ng5 Be6 13. Ngxe6 Rxd5 14.
Nc7+ Kd8 15. Nxb5 Rxc5 16. Rd1+ Ke7 17. Nc3 Nf6 18. Be3 Re5 19. h3 Re8 20. Bf4
Rc5 21. Bd6+ Ke6 22. Bxc5 Kf5 23. g4+ Kg5 24. Re1 Rc8 25. Rad1 Kh4 26. Kg2 Nd8
27. Bxa7 Ne6 28. Be3 Rc4 29. Rd3 g5 30. b3 Nf4+ 31. Bxf4 Rxf4 32. Re7 Ng8 33.
Rxb7 h5 34. f3 f5 35. Ne2 fxg4 36. Nxf4 gxf4 37. hxg4 Nf6 38. gxh5 Kxh5 39. Kh3
Kg5 40. Rb5+ Kg6 41. Rd6 1-0

[Event "Top Loire 2012-2013"]
[Site "Loire"]
[Date "2012.12.15"]
[Round "4.9"]
[White "Libiszewski, Christian"]
[Black "Pareux, Marc"]
[Result "1-0"]
[WhiteElo "1750"]
[BlackElo "1680"]
[PlyCount "59"]
[EventDate "2013.??.??"]
[EventCountry "FRA"]
[SourceDate "2005.09.12"]

1. e4 g6 2. d4 Bg7 3. Nc3 c6 4. Be3 d5 5. e5 f6 6. f4 Nh6 7. h3 Nd7 8. Bd3 Nf8
9. Nge2 Bf5 10. g4 Bxd3 11. Qxd3 Qd7 12. Ng3 Ne6 13. f5 gxf5 14. gxf5 Ng5 15.
e6 Qd6 16. Bxg5 fxg5 17. O-O-O Ng8 18. Nh5 Bh6 19. Kb1 O-O-O 20. Na4 Nf6 21.
Nxf6 exf6 22. Nc5 Bf8 23. Rde1 Be7 24. Re3 h5 25. Nd7 g4 26. hxg4 hxg4 27. Rg1
Qh2 28. Qf1 Qd2 29. Qf4 Rxd7 30. exd7+ 1-0

[Event "Top Loire 2012-2013"]
[Site "Loire"]
[Date "2013.01.19"]
[Round "5.1"]
[White "Licata, Luc"]
[Black "Tchalimian, Pascal"]
[Result "1-0"]
[WhiteElo "2060"]
[BlackElo "1950"]
[PlyCount "59"]
[EventDate "2013.??.??"]
[EventCountry "FRA"]
[SourceDate "2005.09.12"]

1. c4 Nf6 2. g3 d5 3. cxd5 Nxd5 4. Nc3 Nxc3 5. bxc3 e5 6. Bg2 Bc5 7. Qa4+ Qd7
8. Qxd7+ Kxd7 9. f4 exf4 10. d4 Bd6 11. Bxf4 Nc6 12. Nh3 f6 13. e4 Ba3 14. Rb1
Re8 15. O-O b6 16. e5 Bb7 17. exf6 gxf6 18. Bh6 Re2 19. Nf4 Rxa2 20. Bh3+ Kd6
21. Nh5 Nd8 22. c4 Kc6 23. d5+ Kc5 24. Bf8+ Kxc4 25. Rf4+ Kc3 26. Bxa3 Bxd5 27.
Bb4+ Kd3 28. Bf5+ Ke3 29. Nxf6 Bf3 30. Rb3+ 1-0

[Event "Top Loire 2012-2013"]
[Site "Loire"]
[Date "2013.01.19"]
[Round "5.2"]
[White "Buisine, Roman"]
[Black "Moleins, Adrien"]
[Result "1/2-1/2"]
[WhiteElo "1644"]
[BlackElo "1740"]
[PlyCount "101"]
[EventDate "2013.??.??"]
[EventCountry "FRA"]
[SourceDate "2005.09.12"]

1. e4 c5 2. Nf3 e6 3. d4 cxd4 4. Nxd4 Bc5 5. Nc3 a6 6. Be3 Qb6 7. Na4 Qa5+ 8.
c3 Ba7 9. g3 Ne7 10. Bg2 O-O 11. O-O d6 12. c4 Rd8 13. Nc3 Qc7 14. Qe2 Nd7 15.
Rfd1 Nf6 16. Bg5 Ne8 17. Be3 Bd7 18. Rd2 Rac8 19. b3 b5 20. Bf1 Qa5 21. Qd3 Bc5
22. Nce2 Bb4 23. Rc2 e5 24. Nf3 f5 25. Nh4 fxe4 26. Qxe4 Nf6 27. Qd3 bxc4 28.
bxc4 e4 29. Qb3 Ba4 30. Qb2 Bxc2 31. Qxc2 Bc5 32. Nd4 Nc6 33. Nb3 Qb6 34. Nxc5
dxc5 35. Bh3 Rb8 36. Re1 Qb4 37. Rc1 Qa3 38. Rb1 Nd4 39. Bxd4 cxd4 40. Rxb8
Rxb8 41. c5 Qc3 42. Qa4 Rb1+ 43. Kg2 Qc1 44. Be6+ Kf8 45. Qxa6 Qxc5 46. Bb3 d3
47. Qa8+ Ke7 48. Qb7+ Kd8 49. Qb8+ Qc8 50. Qd6+ Qd7 51. Qb8+ 1/2-1/2

[Event "Top Loire 2012-2013"]
[Site "Loire"]
[Date "2013.01.19"]
[Round "5.3"]
[White "Deville, Olivier"]
[Black "Cursoux, Gerard"]
[Result "1-0"]
[WhiteElo "1966"]
[BlackElo "1910"]
[PlyCount "53"]
[EventDate "2013.??.??"]
[EventCountry "FRA"]
[SourceDate "2005.09.12"]

1. Nf3 d5 2. c4 e6 3. g3 Nf6 4. Bg2 c5 5. O-O Nc6 6. cxd5 exd5 7. d4 h6 8. Nc3
Be6 9. Bf4 Bd6 10. dxc5 Bxc5 11. Nb5 Rc8 12. Rc1 Be7 13. Nbd4 Nxd4 14. Nxd4
Rxc1 15. Qxc1 Bd7 16. Qc2 O-O 17. Nf5 Bc6 18. Rd1 Qe8 19. e4 dxe4 20. Nxe7+
Qxe7 21. Bd6 Qd8 22. Bxf8 Qxf8 23. Qd2 Kh7 24. Qd6 Qe8 25. Bh3 h5 26. Bf5+ Kh6
27. h4 1-0

[Event "Top Loire 2012-2013"]
[Site "Loire"]
[Date "2013.01.19"]
[Round "5.4"]
[White "Longueville, Thomas"]
[Black "Garon, Pierre"]
[Result "0-1"]
[WhiteElo "1782"]
[BlackElo "1896"]
[PlyCount "68"]
[EventDate "2013.??.??"]
[EventCountry "FRA"]
[SourceDate "2005.09.12"]

1. d4 d5 2. Nf3 f5 3. e3 Nf6 4. Bd3 e6 5. O-O Bd6 6. Ne5 O-O 7. f4 b6 8. Rf3 c5
9. b3 Bd7 10. Rh3 Be8 11. Nd2 a6 12. Ndf3 Bh5 13. Qe1 Bxf3 14. Rxf3 Qc7 15. Qh4
Nc6 16. a3 b5 17. c4 bxc4 18. bxc4 cxd4 19. exd4 Nxd4 20. Re3 Nb3 21. Rb1 Nxc1
22. Rxc1 Bc5 23. Rce1 Bxe3+ 24. Rxe3 Rab8 25. Rh3 Qc5+ 26. Kf1 d4 27. g4 Qxa3
28. Qe1 g6 29. g5 Ng4 30. Nxg4 fxg4 31. Qxe6+ Rf7 32. Qxg4 Qc1+ 33. Kg2 Rb2+
34. Be2 Qxf4 0-1

[Event "Top Loire 2012-2013"]
[Site "Loire"]
[Date "2013.01.19"]
[Round "5.5"]
[White "Walter, Alain"]
[Black "Andre, Gregory"]
[Result "1/2-1/2"]
[WhiteElo "1780"]
[BlackElo "1840"]
[PlyCount "48"]
[EventDate "2013.??.??"]
[EventCountry "FRA"]
[SourceDate "2005.09.12"]

1. d4 Nf6 2. c4 e6 3. Nc3 Bb4 4. a3 Bxc3+ 5. bxc3 O-O 6. g3 d5 7. cxd5 exd5 8.
Bg2 Nbd7 9. Nf3 Re8 10. O-O Nb6 11. Ne5 Ne4 12. Qb3 Be6 13. f3 Nd6 14. Re1 Rb8
15. Ra2 f6 16. Nd3 Bf7 17. e3 Nbc4 18. Rae2 b6 19. Nf4 c6 20. Qc2 Rb7 21. e4
Rbe7 22. exd5 Rxe2 23. Rxe2 cxd5 24. Kf2 Nb5 1/2-1/2

[Event "Top Loire 2012-2013"]
[Site "Loire"]
[Date "2013.01.19"]
[Round "5.6"]
[White "Aumont-Mathieu, Georges"]
[Black "Furnon, Yannick"]
[Result "1-0"]
[WhiteElo "1800"]
[BlackElo "1830"]
[PlyCount "45"]
[EventDate "2013.??.??"]
[EventCountry "FRA"]
[SourceDate "2005.09.12"]

1. e4 c5 2. c3 d5 3. exd5 Qxd5 4. d4 Nc6 5. Nf3 Bf5 6. Be3 Nf6 7. c4 Qd6 8. Nc3
cxd4 9. Nb5 Qd7 10. Nbxd4 O-O-O 11. Qa4 Nxd4 12. Qxd7+ Bxd7 13. Bxd4 b6 14. c5
Bg4 15. Ba6+ Kb8 16. Be5+ Ka8 17. c6 Bc8 18. c7 Re8 19. Bb5 Bd7 20. Bxd7 Nxd7
21. Rd1 Nxe5 22. Rd8+ Kb7 23. c8=Q# 1-0

[Event "Top Loire 2012-2013"]
[Site "Loire"]
[Date "2013.01.19"]
[Round "5.7"]
[White "Carteron, Olivier"]
[Black "Bruel, Bruno"]
[Result "1/2-1/2"]
[WhiteElo "1740"]
[BlackElo "1790"]
[PlyCount "47"]
[EventDate "2013.??.??"]
[EventCountry "FRA"]
[SourceDate "2005.09.12"]

1. d4 d5 2. Nf3 Nf6 3. c4 c6 4. Nc3 dxc4 5. a4 Bf5 6. e3 e6 7. Bxc4 Bb4 8. O-O
O-O 9. Qe2 Nbd7 10. e4 Bg4 11. Bd3 e5 12. Be3 Re8 13. h3 Bh5 14. Rad1 Qc7 15.
g4 Bg6 16. dxe5 Nxe5 17. Nxe5 Qxe5 18. f4 Qe7 19. f5 Bxf5 20. Rxf5 Bxc3 21.
bxc3 Nxe4 22. Bc5 Nxc5 23. Qxe7 Rxe7 24. Rxc5 1/2-1/2

[Event "Top Loire 2012-2013"]
[Site "Loire"]
[Date "2013.01.19"]
[Round "5.8"]
[White "Vier, Serge"]
[Black "Libiszewski, Christian"]
[Result "0-1"]
[WhiteElo "1690"]
[BlackElo "1680"]
[PlyCount "130"]
[EventDate "2013.??.??"]
[EventCountry "FRA"]
[SourceDate "2005.09.12"]

1. d4 d5 2. c4 c6 3. Nc3 Nf6 4. cxd5 cxd5 5. Nf3 Bf5 6. Qb3 Qb6 7. Nxd5 Qxb3 8.
Nxf6+ gxf6 9. axb3 Nc6 10. e3 Nb4 11. Bb5+ Kd8 12. Ke2 a6 13. Bc4 e6 14. Bd2
Nc2 15. Rac1 b5 16. Bd3 Bxd3+ 17. Kxd3 Nb4+ 18. Bxb4 Bxb4 19. Rc6 Kd7 20. Rhc1
Rhc8 21. Rxc8 Rxc8 22. Rxc8 Kxc8 23. Nd2 Kd7 24. Ne4 Ke7 25. Nc5 a5 26. Na6 Bd6
27. Kc3 Bxh2 28. f3 Kd7 29. Nc5+ Ke7 30. f4 e5 31. f5 exd4+ 32. Kxd4 Be5+ 33.
Kd5 Bxb2 34. Kc6 Bc3 35. Kxb5 h5 36. Nb7 h4 37. Nxa5 Kd6 38. Nb7+ Ke5 39. Kc4
Be1 40. Nc5 Kxf5 41. b4 Kg4 42. Nd3 Bg3 43. Nf4 Be1 44. b5 Ba5 45. Kc5 Kg3 46.
Kd4 Kf2 47. Ke4 Bb6 48. Nd5 Kxg2 49. Nxb6 h3 50. Nd7 h2 51. b6 h1=Q 52. Kd5
Kf2+ 53. Kd6 Kxe3 54. Kc7 Qc1+ 55. Kd8 Qb2 56. Kc8 f5 57. b7 Qc3+ 58. Kd8 Qb4
59. b8=Q Qxb8+ 60. Nxb8 f4 61. Nc6 f3 62. Ne5 f2 63. Ng4+ Ke2 64. Nxf2 Kxf2 65.
Ke7 f5 0-1

[Event "Top Loire 2012-2013"]
[Site "Loire"]
[Date "2013.01.19"]
[Round "5.9"]
[White "Doran, Niall"]
[Black "Pareux, Marc"]
[Result "0-1"]
[WhiteElo "1692"]
[BlackElo "1600"]
[PlyCount "78"]
[EventDate "2013.??.??"]
[EventCountry "FRA"]
[SourceDate "2005.09.12"]

1. e4 g6 2. d4 Bg7 3. Nf3 c6 4. Bc4 d5 5. exd5 cxd5 6. Bb3 Bg4 7. h3 Bxf3 8.
Qxf3 e6 9. c3 Nc6 10. O-O Nge7 11. Bg5 O-O 12. Nd2 b5 13. Qe2 Rb8 14. f4 Qd7
15. Bxe7 Nxe7 16. Nf3 b4 17. Ne5 Qe8 18. Rac1 bxc3 19. Rxc3 Nf5 20. Rd1 Rc8 21.
g4 Rxc3 22. bxc3 Ng3 23. Qe1 Ne4 24. Bc2 f5 25. g5 Qc8 26. c4 Bxe5 27. dxe5
Qxc4 28. Bb3 Qc5+ 29. Kg2 Rc8 30. Rb1 Qd4 31. Rd1 Qb2+ 32. Kg1 Rc3 33. Qf1 Rg3+
34. Kh1 Nf2+ 35. Kh2 Rxh3+ 36. Kg2 Rh4 37. Qxf2 Rh2+ 38. Kxh2 Qxf2+ 39. Kh1
Qxf4 0-1

[Event "Top Loire 2012-2013"]
[Site "Loire"]
[Date "2013.02.16"]
[Round "6.1"]
[White "Licata, Luc"]
[Black "Buisine, Roman"]
[Result "1/2-1/2"]
[WhiteElo "2060"]
[BlackElo "1644"]
[PlyCount "69"]
[EventDate "2013.??.??"]
[EventCountry "FRA"]
[SourceDate "2005.09.12"]

1. Nf3 d5 2. c4 c6 3. g3 Nf6 4. Bg2 Nbd7 5. cxd5 cxd5 6. d4 e6 7. Nc3 Bd6 8.
Bf4 Bxf4 9. gxf4 O-O 10. Qd3 b5 11. a3 Rb8 12. Ne5 Qb6 13. b4 Bb7 14. Rg1 Rfc8
15. e3 Rc7 16. Bf3 Rbc8 17. Ne2 Nxe5 18. fxe5 Ne4 19. Ng3 Rc3 20. Qd1 Rc2 21.
Bxe4 dxe4 22. Nh5 g6 23. Nf6+ Kg7 24. Nd7 Qc6 25. Nc5 Rc3 26. Rg4 Qd5 27. Qd2
Qc4 28. Nxb7 Rc2 29. Nd6 Qb3 30. Qd1 R8c3 31. Kf1 Rd3 32. Qe1 Qb2 33. Rb1 Qa2
34. Ra1 Qb2 35. Rb1 1/2-1/2

[Event "Top Loire 2012-2013"]
[Site "Loire"]
[Date "2013.02.16"]
[Round "6.2"]
[White "Moleins, Adrien"]
[Black "Deville, Olivier"]
[Result "1/2-1/2"]
[WhiteElo "1740"]
[BlackElo "1966"]
[PlyCount "69"]
[EventDate "2013.??.??"]
[EventCountry "FRA"]
[SourceDate "2005.09.12"]

1. e4 c5 2. Nf3 d6 3. c3 Nf6 4. Bd3 e6 5. Bc2 Be7 6. d4 Nbd7 7. O-O O-O 8. e5
Nd5 9. Nbd2 cxd4 10. cxd4 Qc7 11. Re1 f5 12. exd6 Qxd6 13. Nc4 Qc7 14. Bb3 N7f6
15. Ng5 Ng4 16. Nf3 b5 17. Ne3 Ngxe3 18. Bxe3 Qd6 19. Bg5 Bf6 20. Qd2 Bd7 21.
Rac1 Rac8 22. Qa5 a6 23. g3 Rxc1 24. Rxc1 Rc8 25. Rxc8+ Bxc8 26. Bxf6 gxf6 27.
Qd2 Bb7 28. Qh6 Qc6 29. Kf1 f4 30. Qh5 Nb4 31. Qg4+ Kf7 32. Qh5+ Kg7 33. Qg4+
Kf7 34. Qh5+ Kg7 35. Qg4+ 1/2-1/2

[Event "Top Loire 2012-2013"]
[Site "Loire"]
[Date "2013.02.16"]
[Round "6.3"]
[White "Tchalimian, Pascal"]
[Black "Garon, Pierre"]
[Result "1-0"]
[WhiteElo "1950"]
[BlackElo "1896"]
[PlyCount "55"]
[EventDate "2013.??.??"]
[EventCountry "FRA"]
[SourceDate "2005.09.12"]

1. e4 Nf6 2. e5 Nd5 3. Nc3 c6 4. Nxd5 cxd5 5. Nf3 e6 6. d4 Be7 7. Bd3 Nc6 8. c3
d6 9. exd6 Bxd6 10. O-O Rb8 11. Re1 Qc7 12. g3 b5 13. Ng5 h6 14. Qh5 Nd8 15.
Nf3 g6 16. Qg4 e5 17. dxe5 Be7 18. Qf4 Bg5 19. Nxg5 hxg5 20. Qxg5 Ne6 21. Qf6
Rh3 22. Be3 a5 23. Rad1 b4 24. cxb4 axb4 25. Bf1 Rh5 26. Rxd5 Bb7 27. Bb5+ Kf8
28. Rd7 1-0

[Event "Top Loire 2012-2013"]
[Site "Loire"]
[Date "2013.02.16"]
[Round "6.4"]
[White "Cursoux, Gerard"]
[Black "Aumont-Mathieu, Georges"]
[Result "1/2-1/2"]
[WhiteElo "1910"]
[BlackElo "1800"]
[PlyCount "108"]
[EventDate "2013.??.??"]
[EventCountry "FRA"]
[SourceDate "2005.09.12"]

1. d4 Nf6 2. c4 e6 3. Nc3 Bb4 4. Qc2 b6 5. a3 Bxc3+ 6. Qxc3 Bb7 7. f3 d5 8. Bg5
Nbd7 9. Nh3 h6 10. Be3 c5 11. Bf2 Rc8 12. dxc5 bxc5 13. e3 Qb6 14. Be2 e5 15.
cxd5 Nxd5 16. Qd2 Qb3 17. e4 N5b6 18. Rc1 O-O 19. Rc3 Qe6 20. O-O c4 21. Rd1
Rfd8 22. Qc2 Ba6 23. a4 Qc6 24. a5 Na4 25. Ra3 Bb5 26. Rc1 a6 27. Be3 Nf6 28.
Nf2 Ne8 29. Ng4 f6 30. Rca1 Nc5 31. Bxc4+ Ne6 32. Bxe6+ Qxe6 33. Rc3 Nd6 34.
Rd1 h5 35. Nf2 Nc4 36. Rxd8+ Rxd8 37. b4 Nxe3 38. Rxe3 Rc8 39. Rc3 Rxc3 40.
Qxc3 Qa2 41. Qe1 Qc4 42. h4 Kf7 43. Kh2 Qe2 44. Qxe2 Bxe2 45. Kg3 Ke6 46. Nh3
Kd6 47. Kf2 Bc4 48. g3 Kc6 49. f4 Be6 50. Ng1 Kb5 51. fxe5 fxe5 52. Nf3 Kxb4
53. Nxe5 Kxa5 54. Ke3 Kb4 1/2-1/2

[Event "Top Loire 2012-2013"]
[Site "Loire"]
[Date "2013.02.16"]
[Round "6.5"]
[White "Andre, Gregory"]
[Black "Bruel, Bruno"]
[Result "1-0"]
[WhiteElo "1840"]
[BlackElo "1790"]
[PlyCount "41"]
[EventDate "2013.??.??"]
[EventCountry "FRA"]
[SourceDate "2005.09.12"]

1. Nf3 d5 2. c4 d4 3. b4 c5 4. e3 dxe3 5. fxe3 cxb4 6. Qb3 Nc6 7. d4 e6 8. Bd3
Nf6 9. O-O Be7 10. Nbd2 O-O 11. Ne4 a5 12. Qc2 h6 13. Nxf6+ Bxf6 14. Rb1 Re8
15. Nd2 Bd7 16. Ne4 Be7 17. Bb2 Bf8 18. d5 exd5 19. Nf6+ gxf6 20. Bxf6 Qb6 21.
Bh7# 1-0

[Event "Top Loire 2012-2013"]
[Site "Loire"]
[Date "2013.02.16"]
[Round "6.6"]
[White "Walter, Alain"]
[Black "Longueville, Thomas"]
[Result "0-1"]
[WhiteElo "1780"]
[BlackElo "1782"]
[PlyCount "80"]
[EventDate "2013.??.??"]
[EventCountry "FRA"]
[SourceDate "2005.09.12"]

1. d4 Nf6 2. c4 g6 3. Nc3 Bg7 4. Nf3 d6 5. e3 O-O 6. Be2 Nc6 7. O-O e5 8. d5
Ne7 9. e4 Ne8 10. Nd2 f5 11. f4 exf4 12. Rxf4 Bd4+ 13. Kh1 g5 14. Rf1 f4 15.
Nf3 Bxc3 16. bxc3 Ng6 17. Qd4 Qe7 18. Ba3 b6 19. Rae1 g4 20. Nd2 Ne5 21. Qf2
Qg5 22. Bc1 Ng7 23. g3 Nh5 24. gxf4 Nxf4 25. Nb3 Neg6 26. Qe3 Qe5 27. Nd4 Bd7
28. Rg1 h5 29. Rg3 Rf7 30. Reg1 Raf8 31. h3 Nxe2 32. Nxe2 Rf3 33. Qh6 Qxe4 34.
R1g2 Rf2 35. Nf4 Nxf4 36. Bxf4 R8xf4 37. Qxh5 Rxg2 38. Rxg2 Rf1+ 39. Kh2 Qf4+
40. Rg3 Rf2+ 0-1

[Event "Top Loire 2012-2013"]
[Site "Loire"]
[Date "2013.02.16"]
[Round "6.7"]
[White "Furnon, Yannick"]
[Black "Libiszewski, Christian"]
[Result "1-0"]
[WhiteElo "1830"]
[BlackElo "1680"]
[PlyCount "73"]
[EventDate "2013.??.??"]
[EventCountry "FRA"]
[SourceDate "2005.09.12"]

1. d4 d5 2. c4 c6 3. Nf3 Nf6 4. Nc3 dxc4 5. a4 Bf5 6. e3 e6 7. Bxc4 Bb4 8. O-O
O-O 9. Ne5 Nbd7 10. Nxd7 Qxd7 11. Qe2 Bg6 12. f3 Be7 13. Rd1 Qc7 14. e4 Rfd8
15. Be3 Ne8 16. Rac1 Qc8 17. Ba2 f6 18. d5 Bf7 19. dxc6 Rxd1+ 20. Qxd1 bxc6 21.
Ne2 e5 22. Bxf7+ Kxf7 23. Qb3+ Qe6 24. Qxe6+ Kxe6 25. Rxc6+ Kd7 26. Ra6 Kc7 27.
Rxa7+ Rxa7 28. Bxa7 Kb7 29. Be3 Bb4 30. Nc1 Ka6 31. Nd3 Bd6 32. b4 Nc7 33. Kf1
Ne6 34. Nc5+ Bxc5 35. Bxc5 g6 36. Be3 Nc7 37. Ke2 1-0

[Event "Top Loire 2012-2013"]
[Site "Loire"]
[Date "2013.02.16"]
[Round "6.8"]
[White "Pareux, Marc"]
[Black "Carteron, Olivier"]
[Result "1/2-1/2"]
[WhiteElo "1600"]
[BlackElo "1740"]
[PlyCount "36"]
[EventDate "2013.??.??"]
[EventCountry "FRA"]
[SourceDate "2005.09.12"]

1. d4 d5 2. Nf3 Nf6 3. Nbd2 Bf5 4. Nh4 Bg4 5. h3 Bh5 6. g4 Bg6 7. Bg2 e6 8.
Nxg6 hxg6 9. e4 dxe4 10. Nxe4 c6 11. c3 Na6 12. Qe2 Nxe4 13. Bxe4 Nc7 14. Bd2
Be7 15. O-O Bg5 16. f4 Be7 17. c4 Qd7 18. Bc3 O-O-O 1/2-1/2

[Event "Top Loire 2012-2013"]
[Site "Loire"]
[Date "2013.02.02"]
[Round "6.9"]
[White "Doran, Niall"]
[Black "Vier, Serge"]
[Result "1-0"]
[WhiteElo "1692"]
[BlackElo "1690"]
[PlyCount "85"]
[EventDate "2013.??.??"]
[EventCountry "FRA"]
[SourceDate "2005.09.12"]

1. e4 e6 2. d4 d5 3. e5 c5 4. c3 Nc6 5. Nf3 Qb6 6. Bd3 cxd4 7. cxd4 Bd7 8. O-O
Nxd4 9. Nxd4 Qxd4 10. Nc3 a6 11. Qe2 Ne7 12. Kh1 Nc6 13. f4 Qb6 14. a3 Rc8 15.
Bd2 Be7 16. Rab1 Qd8 17. b4 Nd4 18. Qg4 g6 19. Ne2 Nxe2 20. Qxe2 O-O 21. Rb3
Ba4 22. Rbb1 Qd7 23. Qg4 Bc2 24. Bxc2 Rxc2 25. Qd1 Rfc8 26. Rf3 Qb5 27. Rfb3
Qb6 28. Be3 Qb5 29. Bc5 Qc4 30. Bxe7 Rc1 31. Rxc1 Qxc1 32. Rb1 Qxf4 33. Bd6 b5
34. Qf1 Qg5 35. h3 Rc4 36. Kh2 Rc3 37. a4 Rc4 38. axb5 axb5 39. Ra1 Kg7 40. Ra8
Qf4+ 41. Qxf4 Rxf4 42. Bf8+ Kg8 43. Bh6# 1-0

[Event "Top Loire 2012-2013"]
[Site "Loire"]
[Date "2013.03.30"]
[Round "7.1"]
[White "Deville, Olivier"]
[Black "Licata, Luc"]
[Result "1-0"]
[WhiteElo "1971"]
[BlackElo "2060"]
[PlyCount "61"]
[EventDate "2013.??.??"]
[EventCountry "FRA"]
[SourceDate "2005.09.12"]

1. d4 d6 2. Nf3 Bg4 3. c4 Nf6 4. Qb3 Qc8 5. h3 Bh5 6. e4 Nxe4 7. Qb5+ c6 8.
Qxh5 Nf6 9. Qh4 e6 10. Bg5 Be7 11. Bd3 h6 12. Bxf6 Bxf6 13. Qe4 d5 14. cxd5
cxd5 15. Qf4 O-O 16. O-O Qd8 17. Qd2 Nc6 18. Bb5 Ne7 19. Nc3 Qb6 20. Bd3 Kh8
21. Na4 Qd6 22. Rac1 Nc6 23. Bb1 Rac8 24. Nc5 b6 25. Nb3 a5 26. a4 Nb4 27. Qe3
Qd7 28. Bd3 Qxa4 29. Nbd2 Nc6 30. Ba6 Rb8 31. b3 1-0

[Event "Top Loire 2012-2013"]
[Site "Loire"]
[Date "2013.03.30"]
[Round "7.2"]
[White "Tchalimian, Pascal"]
[Black "Cursoux, Gerard"]
[Result "1-0"]
[WhiteElo "1953"]
[BlackElo "1910"]
[PlyCount "49"]
[EventDate "2013.??.??"]
[EventCountry "FRA"]
[SourceDate "2005.09.12"]

1. e4 c5 2. Nf3 d6 3. d4 cxd4 4. Nxd4 Nf6 5. Nc3 a6 6. Be2 e5 7. Nb3 Be7 8. Bg5
Be6 9. Bxf6 gxf6 10. Bg4 Bxb3 11. axb3 Rg8 12. g3 Nc6 13. Nd5 Rg6 14. c3 Bf8
15. Bf5 Rh6 16. b4 Ne7 17. Ne3 Qc7 18. Qa4+ Kd8 19. O-O-O Nxf5 20. Nxf5 Rg6 21.
Nxd6 Bxd6 22. Rxd6+ Ke7 23. Rhd1 Kf8 24. Qb3 b5 25. Qd5 1-0

[Event "Top Loire 2012-2013"]
[Site "Loire"]
[Date "2013.03.30"]
[Round "7.3"]
[White "Buisine, Roman"]
[Black "Andre, Gregory"]
[Result "0-1"]
[WhiteElo "1646"]
[BlackElo "1840"]
[PlyCount "52"]
[EventDate "2013.??.??"]
[EventCountry "FRA"]
[SourceDate "2005.09.12"]

1. e4 e6 2. d4 d5 3. e5 c5 4. c3 Qb6 5. Nf3 Nc6 6. a3 Nh6 7. b4 cxd4 8. cxd4
Nf5 9. Be3 Bd7 10. Be2 Be7 11. O-O O-O 12. Nc3 f6 13. Na4 Qd8 14. b5 Na5 15.
Bf4 b6 16. g4 fxe5 17. Bxe5 Nd6 18. Qb1 Ndc4 19. Bd3 Be8 20. Be2 Nxa3 21. Qc1
Nb3 22. Qe3 Nxa1 23. Bxg7 Kxg7 24. Qxe6 Qd6 25. Qe3 N1c2 26. Qd3 Bg6 0-1

[Event "Top Loire 2012-2013"]
[Site "Loire"]
[Date "2013.03.22"]
[Round "7.4"]
[White "Aumont-Mathieu, Georges"]
[Black "Moleins, Adrien"]
[Result "1/2-1/2"]
[WhiteElo "1800"]
[BlackElo "1755"]
[PlyCount "81"]
[EventDate "2013.??.??"]
[EventCountry "FRA"]
[SourceDate "2005.09.12"]

1. e4 c5 2. c3 e6 3. Nf3 Nc6 4. d3 Nf6 5. Bf4 d5 6. Nbd2 Be7 7. h3 O-O 8. Be2
Qb6 9. Qb3 Qd8 10. O-O b6 11. Rad1 Ba6 12. Qa4 Qc8 13. Rfe1 b5 14. Qc2 d4 15.
cxd4 cxd4 16. Rc1 Bb7 17. Qb3 Qd7 18. Qxb5 Rfc8 19. Qa4 Ne8 20. e5 Rab8 21. Nb3
Qd5 22. Qc4 Qd8 23. Qa4 Ba8 24. Rc4 Nc7 25. Nfxd4 Nd5 26. Nxc6 Bxc6 27. Rxc6
Nxf4 28. Rxc8 Nxe2+ 29. Rxe2 Rxc8 30. Qxa7 Qxd3 31. Rd2 Qb1+ 32. Kh2 Bg5 33.
Rd4 Qxb2 34. f4 Bh4 35. Qa6 Rf8 36. Rd2 Qc3 37. Qd3 Qb4 38. g3 Be7 39. Qd7 h6
40. Qd4 Qb5 41. h4 1/2-1/2

[Event "Top Loire 2012-2013"]
[Site "Loire"]
[Date "2013.03.30"]
[Round "7.5"]
[White "Garon, Pierre"]
[Black "Furnon, Yannick"]
[Result "1-0"]
[WhiteElo "1899"]
[BlackElo "1830"]
[PlyCount "64"]
[EventDate "2013.??.??"]
[EventCountry "FRA"]
[SourceDate "2005.09.12"]

1. d4 d5 2. Nf3 Nf6 3. Bf4 c5 4. dxc5 Nc6 5. c3 e6 6. e3 Bxc5 7. Nbd2 h6 8. Bd3
Qe7 9. Ne5 O-O 10. Qe2 Nxe5 11. Bxe5 Nd7 12. Bg3 b6 13. e4 Bb7 14. b4 Bd6 15.
e5 Bc7 16. O-O f5 17. exf6 Nxf6 18. Bxc7 Qxc7 19. c4 Rfe8 20. Rac1 Qf4 21. f3
Rac8 22. a3 Nd7 23. Rfe1 d4 24. Ne4 Ne5 25. c5 Nxd3 26. Qxd3 Bxe4 27. Qxd4 bxc5
28. Rxc5 Rxc5 29. bxc5 Qg5 30. Rxe4 Rd8 31. Qe3 Rd1+ 32. Kf2 Qh4+ 1-0

[Event "Top Loire 2012-2013"]
[Site "Loire"]
[Date "2013.03.23"]
[Round "7.6"]
[White "Bruel, Bruno"]
[Black "Longueville, Thomas"]
[Result "1-0"]
[WhiteElo "1790"]
[BlackElo "1779"]
[PlyCount "89"]
[EventDate "2013.??.??"]
[EventCountry "FRA"]
[SourceDate "2005.09.12"]

1. d4 Nf6 2. c4 g6 3. Nc3 Bg7 4. e4 d6 5. Nf3 O-O 6. Be2 e5 7. O-O Nc6 8. d5
Ne7 9. Ne1 Nd7 10. Be3 f5 11. f3 f4 12. Bf2 Rf7 13. Nd3 g5 14. c5 h5 15. cxd6
cxd6 16. Rc1 Nf6 17. Nb5 Ng6 18. Nxa7 g4 19. Nxc8 Rxc8 20. fxg4 hxg4 21. Bxg4
Rxc1 22. Nxc1 Nxe4 23. Be6 Ng5 24. Bxf7+ Kxf7 25. Qg4 Bf6 26. Ne2 Ne4 27. Nc3
Nd2 28. Re1 f3 29. Ne4 Nxe4 30. Rxe4 fxg2 31. Kxg2 Nf4+ 32. Kh1 Nxd5 33. Rc4
Ne7 34. Bh4 d5 35. Rc1 d4 36. Rf1 Ng8 37. Qh5+ Ke6 38. Qf5+ Kf7 39. Qxe5 d3 40.
Bxf6 Nxf6 41. Qf5 d2 42. Qf3 Qb6 43. Qd5+ Ke7 44. Qxd2 Qa6 45. Re1+ 1-0